000 00415nam a2200145Ia 4500
008 100122s9999 xx 000 0 und d
082 _b47536
_a636.7
100 _aदेवरे प्र अ
245 _aसखासोबती
260 _bउत्कर्ष प्रकाशन
_c1992
300 _a118
630 _aसखासोबती
730 _aसखासोबती
942 _cBOOK
999 _c426353
_d426350